[Event "7th UI&UL GM"]
[Site "Dhaka BAN"]
[Date "2005.04.12"]
[Round "9"]
[White "Hasan Md,E"]
[Black "Uten"]
[Result "1-0"]
[WhiteElo "2162"]
[BlackElo "2177"]
[EventDate "2005.04.05"]

1. e4 g6 2. d4 Bg7 3. c4 d6 4. Nc3 Nf6 5. Be2 c5 6. d5 O-O 7. Nf3 a6 8. a4
Re8 9. O-O Nbd7 10. h3 Qb6 11. Bd2 e6 12. Bd3 exd5 13. exd5 Ne5 14. Nxe5
Rxe5 15. f4 Re8 16. f5 Nd7 17. a5 Qd8 18. fxg6 hxg6 19. Ne4 Qe7 20. Qc2 Ne5
21. Bg5 Qf8 22. Nf6+ Bxf6 23. Bxf6 Nxd3 24. Qxd3 Qh6 25. Rae1 Bf5 26. Qg3
Kh7 27. Qxd6 Re3 28. Qxc5 Rae8 29. Rxe3 Rxe3 30. Qc7 Qf8 31. Rf4 Re4 32.
Rxe4 Bxe4 33. d6 Bc6 34. b4 Qe8 35. Qe7 Kh6 36. Bg5+ Kg7 37. Qf6+ Kh7 38.
Qf4 Qe1+ 39. Kh2 f5 40. Bf6 Qe2 41. Qh4+ Qh5 42. Qe1 Qh6 43. Qe7+ Kg8 44.
Qe6+ Kf8 45. Be7+ Kg7 46. Bf6+ Kf8 47. Qe7+ Kg8 48. Be5 Qf8 49. Qc7 Qf7 50.
Qd8+ Be8 51. Qh4 Qh7 52. Qf6 Bc6 53. Qd8+ Kf7 54. d7 Ke6 55. Qe8+ Qe7 56.
d8=Q Qxe8 57. Qd6+ Kf7 58. Qf6+ 1-0

[Event "7th UI&UL GM"]
[Site "Dhaka BAN"]
[Date "2005.04.12"]
[Round "9"]
[White "Shamima,A"]
[Black "Haque,R1"]
[Result "0-1"]
[WhiteElo "2061"]
[BlackElo "2188"]
[EventDate "2005.04.05"]

1. Nf3 d6 2. d4 Bg4 3. c4 Nd7 4. Nc3 e5 5. d5 Be7 6. e4 Ngf6 7. Be2 Nc5 8.
Qc2 a5 9. Be3 Nfd7 10. O-O O-O 11. h3 Bxf3 12. Bxf3 Bg5 13. Bxg5 Qxg5 14.
Nb5 Qd8 15. b3 Nf6 16. Rfd1 Qe7 17. a3 a4 18. b4 Nb3 19. Rab1 g6 20. Qd3
Ne8 21. Nc3 Nd4 22. Ne2 Nxf3+ 23. Qxf3 f5 24. Rbc1 b6 25. Re1 Ng7 26. g3
Rf7 27. Qg2 Raf8 28. f4 fxe4 29. Qxe4 Qd7 30. Kg2 Re8 31. Qc2 Nf5 32. Qd2
Ref8 33. Rf1 Qe7 34. Rce1 Qf6 35. fxe5 dxe5 36. Nc3 Qg7 37. Ne4 Nd4 38. Qd3
Rf3 39. Rxf3 Rxf3 40. Re3 Rf8 41. Ng5 Qf6 0-1

[Event "7th UI&UL GM"]
[Site "Dhaka BAN"]
[Date "2005.04.12"]
[Round "9"]
[White "Hossain,Mon"]
[Black "Islam,AP"]
[Result "1/2-1/2"]
[WhiteElo "2170"]
[BlackElo "2203"]
[EventDate "2005.04.05"]

1. d4 Nf6 2. c4 d6 3. Nc3 Nbd7 4. Nf3 e5 5. g3 Be7 6. Bg2 O-O 7. O-O c6 8.
Qc2 Qc7 9. Rd1 Re8 10. Nh4 a5 11. Nf3 1/2-1/2

[Event "7th UI&UL GM"]
[Site "Dhaka BAN"]
[Date "2005.04.13"]
[Round "10"]
[White "Ganguly,S"]
[Black "Sriram,J"]
[Result "1-0"]
[WhiteElo "2583"]
[BlackElo "2445"]
[EventDate "2005.04.05"]

1. e4 c5 2. Nf3 e6 3. d4 cxd4 4. Nxd4 a6 5. c4 Nf6 6. Nc3 Bb4 7. Bd3 Nc6 8.
a3 Bc5 9. Nf3 Qc7 10. h3 O-O 11. O-O Be7 12. Be3 d6 13. b4 b6 14. Rc1 Nb8
15. Nd4 Nbd7 16. f4 Bb7 17. f5 e5 18. Nb3 Qd8 19. Qe2 Rc8 20. Rfd1 Rc7 21.
Nd5 Nxd5 22. cxd5 Rxc1 23. Rxc1 b5 24. Na5 Qb8 25. Nc6 Bxc6 26. Rxc6 Qa8
27. Qc2 Nf6 28. Rc7 Bd8 29. Rc8 Qb7 30. Qc6 Qe7 31. Qxa6 Nh5 32. Qxb5 Qh4
33. Bf2 Qg5 34. Bf1 Nf4 35. Kh2 g6 36. Qd7 Qf6 37. b5 gxf5 38. b6 Bxb6 39.
Rxf8+ Kxf8 40. Bxb6 fxe4 41. Bd8 Qg6 42. Be7+ Kg7 1-0

[Event "7th UI&UL GM"]
[Site "Dhaka BAN"]
[Date "2005.04.13"]
[Round "10"]
[White "Rahman,Zia"]
[Black "Hossain,Enam"]
[Result "0-1"]
[WhiteElo "2538"]
[BlackElo "2453"]
[EventDate "2005.04.05"]

1. Nf3 Nf6 2. c4 g6 3. Nc3 Bg7 4. e4 d6 5. d4 O-O 6. h3 e5 7. d5 a5 8. Bg5
Na6 9. Nd2 c6 10. Be2 Bd7 11. Bg4 Nb4 12. Nf1 cxd5 13. cxd5 h6 14. Bxd7
Qxd7 15. Be3 Nh5 16. a3 Na6 17. Nd2 Nf4 18. O-O b5 19. a4 bxa4 20. Nxa4
Rab8 21. Nc4 Rb4 22. Nab6 Qc7 23. b3 Nc5 24. Bxc5 dxc5 25. Na4 Rfb8 26. Ra3
f5 27. Nc3 Qd8 28. Nxa5 Rd4 29. Qf3 Rd3 30. Qxd3 Nxd3 31. Nc6 Qg5 32. h4
Qxh4 33. Nxb8 Nf4 34. Ra2 fxe4 35. d6 Qg4 36. f3 exf3 37. Rxf3 Nxg2 38.
Rxg2 Qxf3 39. d7 Bf6 40. Rf2 Qg3+ 41. Kf1 Bh4 42. Ne4 Qd3+ 0-1

[Event "7th UI&UL GM"]
[Site "Dhaka BAN"]
[Date "2005.04.13"]
[Round "10"]
[White "Iuldachev,S"]
[Black "Vijayalakshmi,S"]
[Result "1-0"]
[WhiteElo "2537"]
[BlackElo "2412"]
[EventDate "2005.04.05"]

1. e4 e5 2. Nf3 Nc6 3. Bb5 a6 4. Bxc6 dxc6 5. O-O Bg4 6. h3 Bh5 7. d3 Qf6
8. Be3 Bxf3 9. Qxf3 Qxf3 10. gxf3 Bd6 11. Nd2 Ne7 12. Rfb1 f5 13. exf5 Nxf5
14. Kf1 Rg8 15. c3 Kd7 16. Ke2 g6 17. Rg1 Raf8 18. a4 a5 19. Bg5 Ke6 20.
Rae1 b5 21. Ra1 Ra8 22. Ra2 Rgb8 23. Be3 Kf7 24. Rga1 bxa4 25. Nc4 a3 26.
bxa3 Rb3 27. Rb2 Rxb2+ 28. Nxb2 Rb8 29. Nc4 a4 30. Bg5 Ke6 31. Kd2 Bc5 32.
Re1 Bxf2 33. Rxe5+ Kf7 34. Ra5 Rb1 35. Rxa4 Rh1 36. Ne5+ Kg7 37. d4 Rh2 38.
Kd3 Bg3 39. Ra7 Bxe5 40. dxe5 Rxh3 41. Rxc7+ Kf8 42. e6 Rxf3+ 43. Ke4 Rf1
44. Ke5 h5 45. Rc8+ Kg7 46. Bf6+ 1-0

[Event "7th UI&UL GM"]
[Site "Dhaka BAN"]
[Date "2005.04.13"]
[Round "10"]
[White "Roktim,B"]
[Black "Akshayraj,K"]
[Result "1/2-1/2"]
[WhiteElo "2389"]
[BlackElo "2388"]
[EventDate "2005.04.05"]

1. d4 d6 2. Nf3 Nf6 3. c4 g6 4. Nc3 Bg7 5. e4 O-O 6. Be2 Bg4 7. Be3 Nfd7 8.
Ng1 Bxe2 9. Ngxe2 c5 10. O-O Nc6 11. d5 Na5 12. b3 a6 13. Rb1 Nf6 14. f3
1/2-1/2

[Event "7th UI&UL GM"]
[Site "Dhaka BAN"]
[Date "2005.04.13"]
[Round "10"]
[White "Safin,S"]
[Black "Syed Anwar,S"]
[Result "1-0"]
[WhiteElo "2463"]
[BlackElo "2305"]
[EventDate "2005.04.05"]

1. d4 d5 2. c4 e6 3. Nf3 c6 4. Qc2 Nd7 5. g3 Ngf6 6. Bg2 Bd6 7. O-O O-O 8.
Nbd2 e5 9. cxd5 cxd5 10. dxe5 Nxe5 11. Nxe5 Bxe5 12. Nf3 Bd6 13. Be3 Qa5
14. Rfd1 Bd7 15. Bd4 Ne4 16. Nd2 Rac8 17. Qd3 Nxd2 18. Qxd2 Qxd2 19. Rxd2
Bb4 20. Rdd1 Bg4 21. Bxa7 Bxe2 22. Rxd5 Rc2 23. a3 Bd2 24. Bd4 Bc4 25. Rd7
b5 26. Be4 Rc1+ 27. Rxc1 Bxc1 28. Kg2 h6 29. Bd5 Rc8 30. Kf3 Bg5 31. h4 Bf6
32. Bxf6 gxf6 33. Ke3 1-0

[Event "7th UI&UL GM"]
[Site "Dhaka BAN"]
[Date "2005.04.13"]
[Round "10"]
[White "Pogorelov,R"]
[Black "Saptarshi,R"]
[Result "1-0"]
[WhiteElo "2448"]
[BlackElo "2391"]
[EventDate "2005.04.05"]

1. Nf3 d5 2. d4 e6 3. c4 c6 4. Qc2 Nf6 5. g3 Bd6 6. Bg2 O-O 7. O-O Ne4 8.
b3 Qe7 9. Nbd2 f5 10. Ne5 b6 11. Bb2 Bb7 12. Nxe4 dxe4 13. f3 exf3 14. exf3
Bxe5 15. dxe5 c5 16. Rad1 Nc6 17. Rd6 f4 18. Bh3 Nd8 19. Bg4 g6 20. gxf4
Rxf4 21. Qg2 b5 22. Qg3 Rf7 23. cxb5 Rg7 24. Rfd1 h5 25. Bh3 Kh7 26. Bc1 g5
27. Rd7 Qxd7 28. Rxd7 Rxd7 29. Bxg5 Rd1+ 30. Kf2 Rd3 31. Be3 Rc8 32. Qg5
1-0

[Event "7th UI&UL GM"]
[Site "Dhaka BAN"]
[Date "2005.04.13"]
[Round "10"]
[White "Ram,S"]
[Black "Satyapragyan,S"]
[Result "1-0"]
[WhiteElo "2255"]
[BlackElo "2401"]
[EventDate "2005.04.05"]

1. d4 Nf6 2. Nf3 e6 3. g3 c5 4. Bg2 cxd4 5. O-O Nc6 6. Nxd4 Bc5 7. Nb3 Be7
8. c4 O-O 9. Nc3 d6 10. Nd4 Bd7 11. b3 a6 12. Bb2 Rc8 13. Rc1 Nxd4 14. Qxd4
Bc6 15. e4 Qa5 16. Rfe1 Rfe8 17. a3 Qh5 18. h3 Bf8 19. b4 Red8 20. f4 e5
21. Qd3 exf4 22. gxf4 Qh4 23. Rf1 Nh5 24. Qd2 Bd7 25. Nd5 Bxh3 26. Bxh3
Qxh3 27. Qg2 Qxg2+ 28. Kxg2 g6 29. Rh1 Bg7 30. Bxg7 Kxg7 31. Kf3 Nf6 32.
Nxf6 Kxf6 33. Rxh7 b5 34. c5 dxc5 35. e5+ Ke6 36. bxc5 Rd3+ 37. Kg4 Rc6 38.
Rh8 Ke7 39. f5 gxf5+ 40. Kxf5 Rf3+ 41. Ke4 Rxa3 42. Kd5 Re6 43. c6 Rd3+ 44.
Kc5 Rxe5+ 45. Kb6 Rd8 46. Rxd8 Kxd8 47. Kb7 Re7+ 48. c7+ Rxc7+ 49. Rxc7 Ke8
50. Kxa6 1-0

[Event "7th UI&UL GM"]
[Site "Dhaka BAN"]
[Date "2005.04.13"]
[Round "10"]
[White "Sangma,R"]
[Black "Ahmed,Mai"]
[Result "1-0"]
[WhiteElo "2311"]
[BlackElo "2222"]
[EventDate "2005.04.05"]

1. e4 e5 2. Nf3 Nf6 3. Nxe5 d6 4. Nf3 Nxe4 5. Bd3 Nc5 6. Be2 Be7 7. O-O O-O
8. d4 Ne4 9. c4 Bg4 10. Re1 Bf6 11. Nc3 Nxc3 12. bxc3 Re8 13. Be3 Nc6 14.
Bd3 h6 15. h3 Bh5 16. g4 Bg6 17. Bxg6 fxg6 18. Qb1 Kh7 19. Qxb7 Qd7 20. Qb1
Qf7 21. Qd3 Be7 22. Kg2 Rf8 23. Nd2 Bh4 24. Rf1 Rab8 25. f4 Rb2 26. f5 Re8
27. Kh1 gxf5 28. gxf5 Kh8 29. Bg1 Na5 30. d5 Bg5 31. Ne4 Qh5 32. Rf2 Reb8
33. Nxg5 Qxg5 34. Raf1 Rxf2 35. Rxf2 Qh4 36. Rg2 Nxc4 37. Bxa7 Ne5 38. Qg3
Rb1+ 39. Kh2 Qe7 40. Bd4 Rf1 41. Rf2 Rd1 42. Bxe5 dxe5 43. f6 gxf6 44. Qg6
Qg7 45. Rxf6 Qxg6 46. Rxg6 Kh7 47. Rc6 Rxd5 48. Kg3 Ra5 49. Kg4 e4 50.
Rxc7+ Kg6 51. Rc6+ Kg7 52. Rc4 Re5 53. Kf4 Rh5 54. Rxe4 Rxh3 55. Re3 Rh2
56. a4 Ra2 57. Re4 Kf6 58. Rb4 Rf2+ 59. Ke3 Ra2 60. Kf4 Rf2+ 61. Ke4 h5 62.
a5 h4 63. Kd5 h3 64. Rh4 h2 65. a6 Kg5 66. Rh8 Rf5+ 67. Kc4 Rf4+ 68. Kb5
Rh4 69. Rg8+ Kh5 70. a7 h1=Q 71. a8=Q Qf1+ 72. Kb6 Qb1+ 73. Kc5 Rf4 74.
Qh1+ Qxh1 75. Rh8+ Kg6 76. Rxh1 Re4 77. Rf1 Re8 78. c4 Rc8+ 79. Kd5 Rd8+
80. Ke6 Re8+ 81. Kd7 Re5 82. Kd6 Re8 83. c5 Re2 84. c6 Rd2+ 85. Ke6 Re2+
86. Kd7 Rd2+ 87. Kc8 Rc2 1-0

[Event "7th UI&UL GM"]
[Site "Dhaka BAN"]
[Date "2005.04.13"]
[Round "10"]
[White "Nikhilesh,K"]
[Black "Suresh,KT"]
[Result "1/2-1/2"]
[WhiteElo "2199"]
[BlackElo "2226"]
[EventDate "2005.04.05"]

1. e4 c5 2. Nf3 Nc6 3. d4 cxd4 4. Nxd4 Nf6 5. Nc3 d6 6. Bc4 e6 7. Be3 a6 8.
Qe2 Qc7 9. Bb3 Be7 10. O-O-O Na5 11. g4 b5 12. g5 Nxb3+ 13. axb3 Nd7 14.
Nf5 exf5 15. Nd5 Qd8 16. exf5 Bb7 17. f6 Bxd5 18. fxg7 Rg8 19. Rxd5 Rxg7
20. f4 Kf8 1/2-1/2

[Event "7th UI&UL GM"]
[Site "Dhaka BAN"]
[Date "2005.04.13"]
[Round "10"]
[White "Ramu,K"]
[Black "Chatterjee,D"]
[Result "1-0"]
[WhiteElo "2291"]
[BlackElo "2246"]
[EventDate "2005.04.05"]

1. e4 c5 2. Nf3 d6 3. d3 Nc6 4. g3 g6 5. Bg2 Bg7 6. O-O e5 7. c3 Nge7 8. a3
a5 9. a4 O-O 10. Na3 Kh8 11. Nb5 f5 12. Nd2 Be6 13. Nc4 d5 14. exd5 Nxd5
15. Qe2 Bg8 16. Bd2 f4 17. Nbd6 Qf6 18. Bf3 Qe7 19. Rad1 Rad8 20. Ne4 Nc7
21. Bc1 Ne6 22. Ned2 Ng5 23. Bxc6 bxc6 24. f3 fxg3 25. hxg3 Bd5 26. Ne4 Ne6
27. Kg2 Rf5 28. Rh1 Rdf8 29. Rdf1 Bxc4 30. dxc4 Bf6 31. Rd1 Bg5 32. Bxg5
Nxg5 33. Nxg5 Qxg5 34. Rd3 h5 35. Kf2 Qf6 36. Rh4 Rg5 37. Re4 Qf5 38. Qe3
Qf6 39. Qxc5 Rf5 40. Ke2 Rf7 41. Qxa5 Rxf3 42. Qxe5 Rf2+ 43. Ke3 Rxb2 44.
Qxf6+ Rxf6 45. Re7 Kg8 46. Rd8+ Rf8 47. Rd6 Rff2 48. Rxg6+ Kf8 49. Ree6 Kf7
50. Rxc6 Rbd2 51. Rgf6+ 1-0

[Event "7th UI&UL GM"]
[Site "Dhaka BAN"]
[Date "2005.04.13"]
[Round "10"]
[White "Singh,Ri"]
[Black "Lahiri,A"]
[Result "0-1"]
[WhiteElo "2271"]
[BlackElo "2355"]
[EventDate "2005.04.05"]

1. c4 g6 2. Nc3 Bg7 3. g3 d6 4. Bg2 e5 5. d3 f5 6. e3 Nf6 7. Nge2 O-O 8.
O-O c6 9. Rb1 Be6 10. f4 a5 11. b3 Na6 12. Kh1 Qc7 13. a3 Rad8 14. b4 axb4
15. axb4 e4 16. dxe4 fxe4 17. Nxe4 Nxe4 18. Bxe4 Bxc4 19. Qc2 Qf7 20. Ba3
Rfe8 21. Bf3 Rxe3 22. Bc1 Bd3 23. Qb3 Qxb3 24. Rxb3 Bxe2 25. Rxe3 Bxf1 26.
Re7 Nxb4 27. Rxb7 Bb5 28. f5 gxf5 0-1

[Event "7th UI&UL GM"]
[Site "Dhaka BAN"]
[Date "2005.04.13"]
[Round "10"]
[White "Abu Sufian,S"]
[Black "Vinoth,K"]
[Result "1-0"]
[WhiteElo "2233"]
[BlackElo "2238"]
[EventDate "2005.04.05"]

1. e4 g6 2. d4 Bg7 3. Nc3 e6 4. Be3 b6 5. Qd2 Bb7 6. f3 d6 7. O-O-O Nd7 8.
g4 Qe7 9. h4 h5 10. g5 a6 11. Nge2 b5 12. Ng3 Nb6 13. f4 f5 14. Bd3 d5 15.
exf5 exf5 16. Rde1 Qd7 17. Bf2+ Ne7 18. b3 Nbc8 19. Qe3 Nd6 20. Re2 Kf7 21.
Nd1 Ne4 22. Rhe1 Qd6 23. c3 Rae8 24. b4 a5 25. a3 axb4 26. axb4 Qa6 27. Bb1
Nc8 28. Nxe4 dxe4 29. Ba2+ Ke7 30. d5 Nd6 31. Qc5 Kd7 32. Bd4 Rh7 33. Bxg7
Rxg7 34. Qd4 Rf7 35. Ne3 Qb6 36. Qc5 Ra8 37. Rb2 Rff8 38. Kd2 Ra7 39. Bb3
Rfa8 40. Reb1 Ra1 41. Kc2 R8a3 42. Rxa1 Rxa1 43. Rb1 Ra8 44. Kb2 Ra7 45.
Ra1 Rxa1 46. Kxa1 Ba6 47. Kb2 Nc8 48. c4 Qxc5 49. bxc5 Ne7 50. Kc3 Nc8 51.
cxb5 Bxb5 52. Bc4 Bxc4 53. Nxc4 Ne7 54. Kd4 c6 55. Ne5+ Ke8 56. d6 Nd5 57.
Nxg6 Kd8 58. Ne5 Nxf4 59. Nxc6+ Kc8 60. Ne5 Kd8 61. c6 Kc8 62. Nf7 Ne6+ 63.
Ke5 Nc5 64. d7+ Nxd7+ 65. cxd7+ Kxd7 66. Kxf5 1-0

[Event "7th UI&UL GM"]
[Site "Dhaka BAN"]
[Date "2005.04.13"]
[Round "10"]
[White "Gunasekaran,K"]
[Black "Islam,Kh"]
[Result "1-0"]
[WhiteElo "2312"]
[BlackElo "2312"]
[EventDate "2005.04.05"]

1. d4 d5 2. Nf3 Nf6 3. c4 e6 4. Nc3 Be7 5. Bg5 h6 6. Bh4 O-O 7. e3 b6 8.
cxd5 exd5 9. Bd3 c5 10. O-O Bb7 11. Ne5 Ne4 12. Bxe7 Qxe7 13. Qc2 Nd6 14.
Rfe1 Rc8 15. Qe2 c4 16. Bc2 b5 17. Qf3 Qe6 18. Ne2 Nd7 19. Qg3 Nf6 20. Nf4
Qe7 21. f3 Rd8 22. Qf2 Nde8 23. g4 Nd7 24. Nxd7 Rxd7 25. h4 g6 26. Kg2 Ng7
27. Qg3 Re8 28. a3 Qd6 29. Kf2 Rde7 30. Ng2 Qxg3+ 31. Kxg3 Ne6 32. Kf2 Bc6
33. f4 Nf8 34. Kf3 Nd7 35. g5 hxg5 36. hxg5 Nf8 37. Rh1 Bd7 38. Rae1 Kg7
39. Kf2 a5 40. Nh4 b4 41. axb4 axb4 42. Nf3 b3 43. Bb1 Be6 44. Rh2 Ra7 45.
Ne5 Ra1 46. Reh1 Rea8 47. Kf3 R8a6 48. e4 Rd6 49. Ke3 dxe4 50. Bxe4 Ra2 51.
Rc1 Ra4 52. Rd2 Rb4 53. d5 Bxd5 54. Rxc4 Rb5 55. Bxd5 1-0

[Event "7th UI&UL GM"]
[Site "Dhaka BAN"]
[Date "2005.04.13"]
[Round "10"]
[White "Haque,R1"]
[Black "Hasan Md,E"]
[Result "1-0"]
[WhiteElo "2188"]
[BlackElo "2162"]
[EventDate "2005.04.05"]

1. Nf3 Nf6 2. d3 g6 3. Bg5 Bg7 4. c3 O-O 5. e4 d6 6. Be2 c5 7. Nbd2 Nc6 8.
O-O b5 9. d4 Rb8 10. dxc5 dxc5 11. Be3 c4 12. h3 Qc7 13. Qc2 Nd7 14. Nh2
Na5 15. f4 b4 16. f5 bxc3 17. bxc3 Ne5 18. fxg6 hxg6 19. Ndf3 Rb5 20. Nd4
Rc5 21. Rab1 a6 22. Qb2 Bxh3 23. gxh3 Nd3 24. Bxd3 Qg3+ 25. Kh1 Qxe3 26.
Rf3 Qg5 27. Bf1 Nc6 28. Nxc6 Rxc6 29. Rd1 Rc5 30. Bg2 Qh4 31. Qb6 Rb5 32.
Qxa6 Rb2 33. Qxc4 e6 34. Ng4 Rfb8 35. e5 Rc2 36. Rxf7 Re8 37. Qa4 1-0

[Event "7th UI&UL GM"]
[Site "Dhaka BAN"]
[Date "2005.04.13"]
[Round "10"]
[White "Pg,MOAHirawan"]
[Black "Uddin,S"]
[Result "0-1"]
[WhiteElo "2230"]
[BlackElo "2205"]
[EventDate "2005.04.05"]

1. e4 c5 2. Nf3 Nc6 3. d4 cxd4 4. Nxd4 Nf6 5. Nc3 d6 6. Bc4 Qb6 7. Nb3 e6
8. O-O a6 9. a4 Qc7 10. a5 Be7 11. Be3 Nd7 12. f4 O-O 13. Nd4 Nxd4 14. Qxd4
d5 15. Bb3 Bf6 16. e5 Be7 17. Na4 Qxa5 18. Qd1 Qc7 19. f5 Qxe5 20. Bd4 Qe4
21. Re1 Qxf5 22. c3 Bf6 23. Bf2 b5 24. Bc2 Qg5 25. Nc5 Nxc5 26. Bxc5 Rd8
27. Be3 Qh4 28. Bf2 Qh6 29. Re3 g6 30. Rh3 Qf8 31. Rf3 Bg7 32. h4 e5 33.
Rg3 f5 34. h5 f4 35. Rg5 Bf6 36. Rg4 g5 37. c4 bxc4 38. Ra5 Qf7 39. Bh4 h6
40. Bg6 Qe6 41. Qc2 e4 42. Rc5 Bd4+ 43. Bf2 Bxf2+ 44. Qxf2 e3 45. Qc2 e2
46. Rc7 Qe3+ 47. Kh1 0-1

[Event "7th UI&UL GM"]
[Site "Dhaka BAN"]
[Date "2005.04.13"]
[Round "10"]
[White "Islam,AP"]
[Black "Rahman,SM"]
[Result "0-1"]
[WhiteElo "2203"]
[BlackElo "2247"]
[EventDate "2005.04.05"]

1. e4 c5 2. Nf3 d6 3. d4 cxd4 4. Qxd4 a6 5. c4 Nc6 6. Qe3 g6 7. Bd2 Bg7 8.
Bc3 Nf6 9. h3 O-O 10. Be2 Bd7 11. O-O Rc8 12. Na3 Qc7 13. Rac1 Rfd8 14.
Rfd1 e5 15. b4 Nh5 16. b5 Ne7 17. Bb4 Be6 18. Qd2 Nf4 19. Bf1 Bh6 20. Kh2
f5 21. Bxd6 Rxd6 22. Qxd6 Qxd6 23. Rxd6 fxe4 24. Nd2 Nf5 25. Rb6 Bf8 26.
Nc2 Bc5 27. Rxe6 Nxe6 28. Nxe4 axb5 29. Rb1 Nd6 30. Nxd6 Bxd6 31. Rxb5 Bc5
32. Be2 b6 33. Bg4 Kf7 34. Ne3 h5 35. Bf3 Nd4 36. Bd5+ Kf6 37. Rb1 Nf5 38.
Nd1 Bd4 39. Kg1 Rc7 40. a4 Ne7 41. Ne3 Ra7 42. Nc2 Bc5 43. Ra1 Nxd5 44.
cxd5 e4 45. Rd1 Rxa4 46. d6 Ra8 47. Nd4 Bxd6 48. Nb3 Be5 49. Re1 Kf5 50.
g4+ hxg4 51. hxg4+ Kf4 52. Kg2 Ra4 53. Rb1 Rb4 54. Kh3 b5 55. Kh4 Bd4 0-1

[Event "7th UI&UL GM"]
[Site "Dhaka BAN"]
[Date "2005.04.13"]
[Round "10"]
[White "Uten"]
[Black "Shamima,A"]
[Result "1-0"]
[WhiteElo "2177"]
[BlackElo "2061"]
[EventDate "2005.04.05"]

1. e4 c5 2. Nf3 e6 3. c3 d5 4. e5 c4 5. d3 cxd3 6. Bxd3 Nc6 7. O-O Nge7 8.
Bf4 Ng6 9. Bg3 a6 10. b4 Qc7 11. Nbd2 Ncxe5 12. c4 Bd6 13. cxd5 exd5 14.
Nxe5 Bxe5 15. Re1 Be6 16. Rxe5 Nxe5 17. Rc1 Qd6 18. Qh5 Qxb4 19. Bxe5 Qxd2
20. Rd1 Qb4 21. Bxg7 Rg8 22. Qxh7 O-O-O 23. Be5 Rxg2+ 24. Kf1 Rg1+ 25. Kxg1
Qg4+ 26. Bg3 Qxd1+ 27. Kg2 Qg4 28. Qh6 Qa4 29. Qf6 Qc6 30. Qd4 Rg8 31. Qe5
Re8 32. Qd4 Bd7 33. Qf4 d4+ 34. f3 Qc3 35. Qb8+ 1-0

[Event "7th UI&UL GM"]
[Site "Dhaka BAN"]
[Date "2005.04.14"]
[Round "11"]
[White "Prathamesh,S"]
[Black "Ganguly,S"]
[Result "1/2-1/2"]
[WhiteElo "2368"]
[BlackElo "2583"]
[EventDate "2005.04.05"]

1. c4 e5 2. g3 Nf6 3. Bg2 d5 4. cxd5 Nxd5 5. Nc3 Nb6 6. d3 Be7 7. Nf3 Nc6
8. O-O O-O 9. b3 Bg4 10. Bb2 Qd7 11. Rc1 f5 12. a3 Bf6 13. Nd2 Nd4 14. Bxb7
Rad8 15. Bf3 Nxf3+ 16. Nxf3 e4 17. Ne1 f4 18. Qc2 Bxc3 19. Qxc3 Bxe2 20.
dxe4 Rf7 21. Nf3 Bxf1 22. Rxf1 Qd3 23. Qxd3 Rxd3 24. Ne5 Rxb3 25. Nxf7 Kxf7
26. Be5 f3 27. Rc1 c5 28. h4 Na4 29. Rc4 Rxa3 30. g4 Ra2 31. Kh2 Rxf2+ 32.
Kg3 Ra2 33. Kxf3 g6 34. Bd6 Ra3+ 35. Kg2 Ke6 36. Bxc5 Nxc5 37. Rxc5 a5 38.
Rc7 Ke5 39. Rxh7 Kf4 40. h5 g5 41. h6 Rg3+ 42. Kf2 Rh3 43. Ra7 Rh2+ 44. Kg1
Rxh6 45. Rxa5 Re6 46. e5 Kxg4 47. Kg2 Rb6 48. Ra4+ Kf5 49. Ra5 Kf4 50. Ra4+
Kxe5 51. Kg3 Kf5 52. Ra5+ Kg6 53. Ra8 1/2-1/2

[Event "7th UI&UL GM"]
[Site "Dhaka BAN"]
[Date "2005.04.14"]
[Round "11"]
[White "Hossain,Enam"]
[Black "Fominyh,A"]
[Result "1/2-1/2"]
[WhiteElo "2453"]
[BlackElo "2505"]
[EventDate "2005.04.05"]

1. e4 c5 2. Nf3 e6 3. d4 cxd4 4. Nxd4 a6 5. c4 Nf6 6. Nc3 Bb4 7. Bd3 Nc6 8.
Nxc6 dxc6 9. O-O e5 10. Qb3 Be7 11. Be3 Nd7 12. Rad1 Bc5 13. Na4 Bxe3 14.
fxe3 Qg5 15. Kh1 O-O 16. c5 Nf6 17. Nb6 Rb8 18. Bc4 Bg4 19. Rde1 Rbd8 20.
Qc2 Qh4 21. Bd3 Be6 22. Kg1 Ng4 23. h3 Nf6 24. Nc4 Bxc4 25. Qxc4 Rd7 26.
Bc2 Rfd8 27. Re2 Nh5 28. Ref2 Rf8 29. Bb3 Nf6 30. Bc2 Nh5 31. Rf3 h6 32.
R1f2 Nf6 33. b4 Rfd8 34. Bb3 Kh8 35. Bc2 Kg8 36. Bb3 Kh8 37. Bc2 1/2-1/2

[Event "7th UI&UL GM"]
[Site "Dhaka BAN"]
[Date "2005.04.14"]
[Round "11"]
[White "Abdul,Mal"]
[Black "Iuldachev,S"]
[Result "0-1"]
[WhiteElo "2191"]
[BlackElo "2537"]
[EventDate "2005.04.05"]

1. e4 e5 2. Nf3 Nc6 3. Bb5 a6 4. Ba4 Nf6 5. O-O Be7 6. Re1 b5 7. Bb3 d6 8.
c3 O-O 9. h3 Na5 10. Bc2 c5 11. d4 Qc7 12. Nbd2 cxd4 13. cxd4 Nc6 14. d5
Nb4 15. Bb1 a5 16. Nf1 Bd7 17. a3 Na6 18. Be3 Nc5 19. N1d2 Rfc8 20. Bc2 Qb7
21. Bxc5 Rxc5 22. Nb3 Rcc8 23. Nc1 Be8 24. Nd3 Nd7 25. Qd2 Nb6 26. Bb3 Nc4
27. Qe2 g6 28. Rac1 Bd7 29. g4 Kg7 30. Kh2 h5 31. g5 Nb6 32. Rg1 Rxc1 33.
Nxc1 Qc8 34. Na2 Bxh3 35. Qxb5 Rb8 36. Nc3 Bg4 37. Bd1 Nc4 38. Qc6 Nxb2 39.
Be2 Bd7 40. Qxc8 Rxc8 41. Rc1 Na4 42. Na2 Rxc1 43. Nxc1 Nc5 44. Bd3 Bg4 45.
Be2 Nxe4 46. Kg2 Nc3 47. Bc4 Nb1 48. Nb3 a4 49. Nbd2 Nxa3 50. Bd3 Bd7 0-1

[Event "7th UI&UL GM"]
[Site "Dhaka BAN"]
[Date "2005.04.14"]
[Round "11"]
[White "Rahman,Zia"]
[Black "Roktim,B"]
[Result "1/2-1/2"]
[WhiteElo "2538"]
[BlackElo "2389"]
[EventDate "2005.04.05"]

1. Nf3 Nf6 2. c4 e6 3. g3 d5 4. d4 Bb4+ 5. Bd2 Be7 6. Bg2 O-O 7. O-O c6 8.
Qc2 b6 9. Rd1 Ba6 10. Ne5 Nfd7 11. cxd5 Nxe5 12. dxe5 cxd5 13. Bf4 Bb7 14.
Nc3 Nc6 15. h4 Rc8 16. e4 d4 17. Qe2 Qe8 18. Nb5 Bc5 19. a3 Rd8 20. b4 Be7
21. Qb2 d3 22. Bg5 f6 23. exf6 Bxf6 24. Bxf6 gxf6 25. Rac1 Rf7 26. f4 Rg7
27. Qxf6 Rxg3 28. Nc7 Qh5 29. Qxe6+ Kh8 30. Qf6+ Kg8 31. Rd2 Rg6 32. Qf5
Qxh4 33. Ne6 Bc8 34. Nxd8 Bxf5 35. exf5 Qxf4 36. fxg6 Qxd2 37. Bd5+ Kg7 38.
Ne6+ Kxg6 39. Rxc6 Qe1+ 40. Kg2 d2 41. Nd4+ Kg5 42. Nf3+ Kf5 43. Be6+ Qxe6
44. Rxe6 d1=Q 45. Re7 Qc2+ 46. Kg3 Qc8 47. Rf7+ Ke4 48. Rxh7 Qg8+ 49. Kf2
Qa2+ 50. Kg3 Qxa3 51. Rh4+ Kd5 52. Rd4+ Kc6 53. Kf4 Kb5 54. Re4 Qxb4 55.
Rxb4+ Kxb4 56. Ke3 Kc3 57. Ke2 a5 58. Kd1 Kb2 59. Ne5 b5 60. Nd3+ Kc3 61.
Nc5 Kb2 62. Nd3+ Kb3 63. Kc1 Ka2 64. Kc2 1/2-1/2

[Event "7th UI&UL GM"]
[Site "Dhaka BAN"]
[Date "2005.04.14"]
[Round "11"]
[White "Akshayraj,K"]
[Black "Pogorelov,R"]
[Result "1-0"]
[WhiteElo "2388"]
[BlackElo "2448"]
[EventDate "2005.04.05"]

1. e4 e6 2. d4 d5 3. Nc3 Bb4 4. Nge2 dxe4 5. a3 Be7 6. Nxe4 Nf6 7. N2g3
Nbd7 8. Bd3 c5 9. Be3 Nd5 10. Qg4 g6 11. Qf3 Nxe3 12. fxe3 f5 13. Nd2 O-O
14. O-O-O Rb8 15. Bc4 Nf6 16. dxc5 Qc7 17. Nb3 Kg7 18. e4 f4 19. e5 Qxe5
20. Rhe1 Qc7 21. Nf1 e5 22. Qc3 Ng4 23. h3 Nh6 24. g4 Nf7 25. Nfd2 b6 26.
Nf3 Bf6 27. Bxf7 e4 28. Qc4 exf3 29. Bd5 f2 30. Re2 bxc5 31. Rxf2 Qe5 32.
c3 Qe3+ 33. Nd2 Qxh3 34. Qxf4 Bxg4 35. Rh2 Qxh2 1-0

[Event "7th UI&UL GM"]
[Site "Dhaka BAN"]
[Date "2005.04.14"]
[Round "11"]
[White "Vijayalakshmi,S"]
[Black "Ram,S"]
[Result "1-0"]
[WhiteElo "2412"]
[BlackElo "2255"]
[EventDate "2005.04.05"]

1. c4 e6 2. Nc3 d5 3. d4 Be7 4. Nf3 Nf6 5. Bg5 O-O 6. e3 h6 7. Bh4 Ne4 8.
Bxe7 Qxe7 9. Qc2 Nxc3 10. bxc3 c5 11. Be2 dxc4 12. O-O b6 13. Bxc4 Bb7 14.
Qe2 Nd7 15. e4 Rac8 16. Bd3 cxd4 17. cxd4 Qa3 18. Rad1 Rc7 19. Rfe1 Rfc8
20. h3 Nf6 21. Ne5 Qa4 22. Bb1 b5 23. d5 exd5 24. exd5 Nxd5 25. Qd3 Nf6 26.
Qd8+ Ne8 27. Ng4 Rxd8 28. Rxd8 f5 29. Bxf5 Kf7 30. Rdxe8 h5 31. R8e6 g5 32.
Nh6+ Kf8 33. Rf6+ Kg7 34. Rg6+ 1-0

[Event "7th UI&UL GM"]
[Site "Dhaka BAN"]
[Date "2005.04.14"]
[Round "11"]
[White "Sriram,J"]
[Black "Ramu,K"]
[Result "1-0"]
[WhiteElo "2445"]
[BlackElo "2291"]
[EventDate "2005.04.05"]

1. d4 Nf6 2. c4 g6 3. Nc3 Bg7 4. e4 d6 5. f3 O-O 6. Nge2 Nbd7 7. Bg5 c6 8.
Qd2 a6 9. d5 Rb8 10. Nd4 c5 11. Nc2 Ne8 12. a4 Nc7 13. Be2 Qe8 14. O-O f6
15. Bh4 Ne5 16. f4 Nf7 17. b4 cxb4 18. Nxb4 g5 19. fxg5 fxg5 20. Bg3 h6 21.
Bh5 Qd8 22. Bxf7+ Rxf7 23. Rxf7 Kxf7 24. e5 Bg4 25. Nd3 Kg8 26. Re1 b5 27.
Nb4 Qd7 28. Nc6 Re8 29. axb5 axb5 30. cxb5 Kh8 31. e6 Qc8 32. Bf2 Qb7 33.
Bd4 Bf5 34. Bxg7+ Kxg7 35. Qd4+ Kh7 36. Qa7 Qxa7+ 37. Nxa7 Bd3 38. Rd1 Bc2
39. Rd2 Bf5 40. Nc6 Na8 41. Na4 Kg7 42. b6 1-0

[Event "7th UI&UL GM"]
[Site "Dhaka BAN"]
[Date "2005.04.14"]
[Round "11"]
[White "Suresh,KT"]
[Black "Roy Chowdhury,S"]
[Result "1/2-1/2"]
[WhiteElo "2226"]
[BlackElo "2397"]
[EventDate "2005.04.05"]

1. Nf3 c5 2. g3 Nc6 3. Bg2 g6 4. O-O Bg7 5. d3 d6 6. c4 e5 7. Nc3 Nge7 8.
Rb1 O-O 9. a3 a5 10. Nd5 Nxd5 11. cxd5 Ne7 12. Nd2 b5 13. a4 b4 14. Nc4 Ba6
1/2-1/2